|
|
|
|
| LEADER |
01409nam a22002897a 4500 |
| 001 |
38152 |
| 003 |
BD-DhAAL |
| 005 |
20230510153338.0 |
| 008 |
220323t2009 bg ||||| |||| 00| 0 ben d |
| 020 |
|
|
|a 9847028900773
|
| 020 |
|
|
|a 9847028900711
|
| 040 |
|
|
|a BD-DhAAL
|c BD-DhAAL
|
| 041 |
|
|
|a ben
|
| 082 |
|
|
|a 320.95492
|2 23
|
| 100 |
|
|
|a আহমেদ, নাসির.
|9 47308
|
| 245 |
|
|
|a জোট সরকারের ৫ বছর :
|b কিছু খণ্ডচিত্র -১ /
|c নাসির আহমেদ.
|
| 246 |
|
|
|a Jote sarkarer 5 bachor : kichu khondochitro
|
| 246 |
|
|
|a Five years of four parties alliance government
|
| 260 |
|
|
|a ঢাকা :
|b ইত্যাদি গ্রন্থ প্রকাশ,
|c ২০০৯.
|
| 300 |
|
|
|a ২৪৭ পৃষ্ঠা ;
|c ২২ সে.মি.
|
| 541 |
|
|
|a Donated By Akbar Ali Khan
|e 38152, 40373
|
| 651 |
|
|
|a Bangladesh
|x Politics and government.
|9 47309
|
| 852 |
|
|
|a Ayesha Abed Library
|c Akbar Ali Khan Collection
|
| 942 |
|
|
|2 ddc
|c BK
|
| 999 |
|
|
|c 43856
|d 43856
|
| 952 |
|
|
|0 0
|1 0
|2 ddc
|4 0
|6 320_954920000000000_AHM
|7 1
|9 70243
|a BRACUL
|b BRACUL
|c AAKC
|d 2022-03-23
|e Donated by Akbar Ali Khan
|l 0
|o 320.95492 AHM
|p 3010038152
|r 2022-03-23
|t 1
|w 2022-03-23
|y BK
|
| 952 |
|
|
|0 0
|1 0
|2 ddc
|4 0
|6 320_954920000000000_AHM
|7 1
|9 73223
|a BRACUL
|b BRACUL
|c AAKC
|d 2023-02-12
|e Donated By Akbar Ali Khan
|g 250.00
|l 0
|o 320.95492 AHM
|p 3010040373
|r 2023-02-12
|t 2
|w 2023-02-12
|y BK
|